Almost Useless Simpsons Trivia Quiz Stats

 Plays Quiz Updated Jan 10, 2019

Support Sporcle.
Go Orange.
Score 0/50 Timer 15:00
9 Plays Today
Question Answer % Correct
What is Homer's middle name?Jay
88.7%
What is the name of Bart's dog?Santa's Little Helper
88.4%
Who actually shot Mr. Burns?Maggie Simpson
83.4%
What is the name of Springfield's rival town?Shelbyville
82.4%
How many eyes does Blinky have?3
79.7%
Who is the leader of the Springfield Mafia?Fat Tony
70%
What is Marge's maiden name?Marjorie Bouvier
68.4%
Where are you likely to hear the phrase 'Thank you, come again!'? Kwik-E-Mart
68.3%
What is the name of the Springfield baseball team?The Isotopes
67.8%
By what name is Robert Underdunk Terwilliger better known?Sideshow Bob
67.2%
What is the name of the store owned by Ned Flanders?Leftorium
65.1%
What is the name of the 'superhero' who stars in Bart and Millhouse's favorite comic book?Radioactive Man
64.8%
To which religion has Lisa converted?Buddhism
64.2%
What is the profession of Lurleen Lumpkin?Country musician
61.9%
What 'thing' put North Haverbrook, Ogdenville, and Brockway 'on the map'?Monorail
61.5%
What is the name of the dog who once starred with Itchy & Scratchy? Poochie
60.8%
By what onscreen name is Rainier Wolfcastle better known as?McBain
59.4%
To what name does Homer change his name to when his name becomes used on a TV show?Max Power
59.2%
What is the name of Bart's pet elephant?Stampy
59.1%
What is the name of Homer's (now deceased) enemy?Frank Grimes
58%
Who founded Springfield?Jebediah Springfield
56.4%
What is the name of Homer’s barbershop quartet? They have a hit with 'Baby on Board'The Be Sharps
55.7%
Which character stars in the short film ‘Man Getting Hit by Football’?Hans Moleman
54.9%
Which sector of the power plant does Homer work in?Sector 7G
53.8%
What is the name of the product Smithers has the largest collection in the world of?Malibu Stacy
53.1%
Question Answer % Correct
Which NFL team does Homer acquire from Hank Scorpio?Denver Broncos
52.5%
What is the official tree of Springfield?Lemon tree
50.7%
Where would you be likely to meet the Holy Rollers, The Stereotypes, The Homewreckers and the Channel 6 Wastelanders?Barney's Bowlarama
49.9%
Which university did Charles Montgomery Burns attend? Yale
46.6%
At what number Evergreen Terrace do the Simpsons live?742
45.5%
What is the name of Mr Burns' teddy bear?Bobo
43.5%
What is the name of Homer's bowling team?The Pin Pals
43.4%
Which character, which you may recognize from various episodes, has a fish fetish?Troy McClure
43.1%
What fictional holiday is 'celebrated' by Springfield every May 10th?Whacking Day
41.1%
What is the name of the Italian restaurant often featured in the Simpsons?Luigi's
40.1%
What is the first name of Sideshow Bob’s brother?Cecil
39.9%
Which city is nicknamed ‘The Windy Apple’?Capital City
39.7%
What is the name of the brand of cigarettes smoked in the Simpsons?Laramie
39.2%
What is the name of Homer's mother?Mona Simpson
39.2%
Who/What gets the credit Homer believes he deserves from saving the space shuttle on re-entry?Inanimate Carbon Rod
38.3%
What is the local radio call sign/station called?KBBL
37.8%
What is Principal Skinner's real (birth) name?Armin Tamzarian
30.4%
What unit were Abe and Monty Burns part of during WWII?Flying Hellfish
28.8%
What was Moe’s final boxing nickname? Kid Gorgeous, Kid Presentable and then? Kid Moe
26.7%
What is the name of the mountain Homer climbs? Abe also once tried to reach its summit.The Murderhorn
24.5%
Which character wins the state lottery? (Other than Lenny)Kent Brockman
23.4%
Which episode number was the ‘Simpsons episode spectacular’?138th
22.3%
What is the name of the stadium where the baseball teams play?Duff Stadium
18.8%
Which fictional university are Carl and Lenny alumni of?Springfield A&M
17.9%
What is the name of the daredevil stuntman often performing in the Simpsons?Lance Murdock
17.4%

From the Vault

NBA: Most Efficient 50+ Point Games

by flibbidy

Sports 13m
We call that pose the 50-point fist pump.
Remove Ads.
Support Sporcle.
Get the best of Sporcle when you Go Orange. This ad-free experience offers more features, more stats, and more fun while also helping to support Sporcle. Thank you for becoming a member.

Show Comments

Extras

Top Quizzes Today


Score Distribution

Your Account Isn't Verified!

In order to create a playlist on Sporcle, you need to verify the email address you used during registration. Go to your Sporcle Settings to finish the process.

Report this User

Report this user for behavior that violates our Community Guidelines.

Details: